| 000 | 003450000a22001330004500 | ||
|---|---|---|---|
| 041 | 0 | _aSPA | |
| 082 | 0 | 4 | _aG 865 A5813e |
| 100 | 1 | _aÁngel, Albalucía (1939-) | |
| 245 | 1 | 0 | _aEstaba la pájara pinta sentada en el verde limón / Albalucía Angel |
| 260 | _aBogotá, Colombia : Plaza y Janés | ||
| 300 | _a325 Pag | ||
| 001 | 11198 | ||
| 942 | _cBK | ||
| 999 |
_c40564 _d40564 |
||